000 00473pam a2200157a 44500
008 230515b1998 xxu||||| |||| 00| 0 eng d
020 _a81-7493-389-1
041 _aENGL
082 _aNULL
100 _a"RAY REUBEN,"
245 _aTIME MANAGEMENT
250 _a0
260 _aDELHI
_bHIMALAYA PUBLISHING HOUSE
_c1998
300 _aNULL
650 _a"MANAGEMENT,TIME MANAGEMENT,TIME RESOURCE,COMMUNICATION- MANGEMENT,MANAGING INFORMATION,STANDARD- LABOUR AND MATERIAL"
999 _c535580
_d535580